La Producción editorial barcelonesa expuesta en la Biblioteca Central
Publicado:
San Jorge, núm. 78 (2n trimestre 1970), pàg 123 - 124 :
MARC
| LEADER | 00000nam a2200000Ia 4500 | ||
|---|---|---|---|
| 001 | |||
| 008 | 160829s9999 xx 000 0 cat d | ||
| 245 | |a La Producción editorial barcelonesa expuesta en la Biblioteca Central | ||
| 260 | |a San Jorge, núm. 78 (2n trimestre 1970), pàg 123 - 124 | ||
| 590 | |a Títol de la confrència: Una política del libro español | ||
| 600 | 1 | 0 | |a Díaz-Plaja, Guillermo, |d 1909-1984 |9 20224 |
| 610 | 2 | 0 | |a Biblioteca Central (Barcelona, Catalunya) |9 54533 |
| 650 | 0 | |a Editors |z Barcelona (Catalunya) |9 40676 | |
| 650 | |a Llibres |x Barcelona I |9 40677 | ||
| 650 | 0 | |a Congressos i conferències |9 48301 | |
| 901 | |a Arxiu | ||
| 942 | |n 1 | ||
| 952 | |0 0 |1 0 |4 0 |7 1 |9 49849 |a Arxiu |b Arxiu |d 2016-12-01 |l 0 |r 2016-12-01 00:00:00 |w 2016-12-01 |y ARXIU | ||
| 999 | |c 53691 |d 53691 | ||